000 00452nam a22001817a 4500
003 NUST - PNEC
005 20170116180852.0
008 150826b xxu||||| |||| 00| 0 eng d
020 _a8120323335
020 _a0819432261
040 _cLIBRARY
082 _a535.2 SHA
100 _95741
_aShamir Joseph
245 _aOptical systems and processes
_cJoseph Shamir
260 _cc.1999
650 _95744
_aOptics
_xComputer, MIS
942 _2ddc
_cBK
999 _c64650
_d64650